Search the Library Catalogue
| 000 -LEADER | |
|---|---|
| fixed length control field | 01448nam a2200181 a 4500 |
| 008 - FIXED-LENGTH DATA ELEMENTS--GENERAL INFORMATION | |
| fixed length control field | 250924s2025##################000#0#eng## |
| 020 ## - INTERNATIONAL STANDARD BOOK NUMBER | |
| ISBN | 9780127300559 |
| 082 04 - DEWEY DECIMAL CLASSIFICATION NUMBER | |
| Classification number | 576.8 |
| Item number | WAG |
| 100 ## - MAIN ENTRY--AUTHOR NAME | |
| Personal name | Wagner,günter P. |
| 245 10 - TITLE STATEMENT | |
| Title | The Character Concept In Evolutionary Biology |
| Statement of responsibility, etc | Günter P. Wagner |
| 250 ## - EDITION STATEMENT | |
| Edition statement | 1st |
| 260 ## - PUBLICATION, DISTRIBUTION, ETC. (IMPRINT) | |
| Place of publication | Boston |
| Name of publisher | Academic Press Inc |
| Year of publication | 2000 |
| 300 ## - PHYSICAL DESCRIPTION | |
| Number of Pages | 622 pages |
| 500 ## - GENERAL NOTE | |
| General note | Almost all evolutionary biologists, indeed all biologists, use particular features to study life. Evolutionary biologists use these characteristics or features in a particular way to unravel a tangled evolutionary history, to document the rate of evolutionary change, or as evidence of biodiversity. "Characters" are the "data" of evolutionary biology and they can be employed differently in research, providing both opportunities and limitations. The Character Concept in Evolutionary Biology is about characters, their use, how different sorts of characters are limited, and the appropriate methods for character analysis. Leading evolutionary biologists from around the world are contributors to this authoritative review of the "character concept." Because characters and the conception of characters are central to all studies of evolution, and because evolution is the central organizing principle of biology, this book will appeal to a wide cross-section of biologists. |
| 650 ## - SUBJECT ADDED ENTRY--TOPICAL TERM | |
| Topical Term | Science |
| 942 ## - ADDED ENTRY ELEMENTS (KOHA) | |
| Koha item type | English Books |
| Withdrawn status | Lost status | Damaged status | Not for loan | Home library | Current library | Shelving location | Date acquired | Full call number | Accession Number | Price effective from | Koha item type |
|---|---|---|---|---|---|---|---|---|---|---|---|
| Anna Centenary Library | Anna Centenary Library | 5TH FLOOR, A WING | 24.09.2025 | 576.8 WAG | 470114 | 24.09.2025 | English Books |